| 000 | 00610nam a22002537a 4500 | ||
|---|---|---|---|
| 005 | 20250403161636.0 | ||
| 008 | 250403b2022 |||||||| |||| 00| 0 spa d | ||
| 020 | _a9786204634784 | ||
| 041 | _aESP | ||
| 082 | _a617.695 P298m | ||
| 100 | _aPatil, Amit | ||
| 100 | _aJaiswal, Himmat | ||
| 100 | _aSaojii, Hrishikesh | ||
| 245 | _aMecánica del pegamento dental | ||
| 260 | _aIndia | ||
| 260 | _bEdiciones Nuestro Conocimiento | ||
| 260 | _c2022 | ||
| 300 | _a80 páginas | ||
| 650 | _aMATERIALES DENTALES | ||
| 650 | _aESMALTE | ||
| 650 | _aDENTIN | ||
| 650 | _aADHESIÓN | ||
| 942 |
_2ddc _cBK |
||
| 999 |
_c13726 _d13726 |
||